000 00485nam a2200181 i 4500
001 C2-0314097
003 PPAK
005 20180729001324.0
008 111207s1999 my |||| ||||| | hin d
040 _aPPAK
_beng
_cPPAK
_erda
245 0 0 _aJaanam Samjha Karo :
_blove is happening
264 1 _aKuala Lumpur :
_bD-AV Distributor ,
_c1999
336 _2rdacontent
_atext
337 _2rdamedia
_aunmediated
338 _2rdacarrier
_avolume
700 _eauthor
942 _2ddc
_cVCD
999 _c166866
_d166866